Pacific Alliance/Pacific Rim Gymnastics Champions - Statistics

General Stats
  • This quiz has been taken 24 times
  • The average score is 42 of 137
Answer Stats
Year Event Medal Gymnast % Correct
2008 All Around Gold Nastia Liukin
82%
2008 Bars Silver (T) Nastia Liukin
82%
2008 Beam Gold Nastia Liukin
82%
2006 All Around Silver Nastia Liukin
82%
2006 Bars Gold Nastia Liukin
82%
2006 Beam Silver Nastia Liukin
82%
2012 All Around Bronze Christine "Peng Peng" Lee
76%
2012 Beam Silver Christine "Peng Peng" Lee
76%
2012 Floor Silver Christine "Peng Peng" Lee
76%
2012 Bars Gold Gabrielle Douglas
76%
2012 All Around Gold Jordyn Wieber
76%
2012 Floor Gold Jordyn Wieber
76%
2014 All Around Silver Kyla Ross
76%
2014 Uneven Bars Silver Kyla Ross
76%
2014 Balance Beam Gold Kyla Ross
76%
2014 Floor Exercise Silver Kyla Ross
76%
2012 All Around Silver Kyla Ross
76%
2012 Bars Silver Kyla Ross
76%
2012 Beam Gold Kyla Ross
76%
2012 Floor Bronze Kyla Ross
76%
2010 All Around Silver Aly Raisman
71%
2010 Beam Silver Aly Raisman
71%
2010 Floor Silver Aly Raisman
71%
2004 All Around Silver Carly Patterson
65%
2004 Beam Gold Carly Patterson
65%
2004 Floor Gold Carly Patterson
65%
2014 All Around Bronze Elsabeth Black
65%
2014 Vault Gold Elsabeth Black
65%
2014 All Around Gold Elizabeth Price
53%
2014 Uneven Bars Gold Elizabeth Price
53%
2014 Balance Beam Bronze Elizabeth Price
53%
2014 Floor Exercise Gold Elizabeth Price
53%
2010 All Around Gold Rebecca Bross
53%
2010 Bars Silver Rebecca Bross
53%
2010 Beam Gold Rebecca Bross
53%
2010 Floor Gold Rebecca Bross
53%
2004 Vault Gold Alicia Sacramone
47%
2006 All Around Gold Chellsie Memmel
41%
2006 Beam Gold Chellsie Memmel
41%
2006 Floor Silver Chellsie Memmel
41%
2008 All Around Silver Jana Bieger
41%
2008 Bars Gold Jana Bieger
41%
2008 Beam Bronze Jana Bieger
41%
2006 Vault Gold Jana Bieger
41%
2006 Floor Gold Jana Bieger
41%
2000 All Around Bronze (T) Lisa Skinner
41%
1998 Beam Bronze (T) Peng Sha
41%
2000 All Around Gold Elise Ray
35%
2000 Bars Silver Elise Ray
35%
2000 Floor Gold Elise Ray
35%
1998 Bars Silver Elise Ray
35%
2002 All Around Silver Terin Humphrey
35%
2002 Vault Bronze Terin Humphrey
35%
2002 Bars Silver Terin Humphrey
35%
2002 Beam Bronze Terin Humphrey
35%
1998 All Around Gold Kristen Maloney
29%
1998 Beam Bronze (T) Kristen Maloney
29%
2000 All Around Bronze (T) Morgan White
29%
2000 Floor Silver Morgan White
29%
2006 Bars Silver Shayla Worley
29%
2000 Vault Bronze Vanessa Atler
29%
1998 Vault Gold Vanessa Atler
29%
1998 Floor Gold Vanessa Atler
29%
2008 All Around Bronze Dasha Joura
24%
2008 Floor Silver Dasha Joura
24%
2000 All Around Silver Ling Jie
24%
2000 Bars Bronze Ling Jie
24%
2004 All Around Bronze Allana Slater
18%
2004 Bars Bronze Allana Slater
18%
2004 Beam Bronze Allana Slater
18%
2002 Floor Silver Allana Slater
18%
2000 Beam Bronze Allana Slater
18%
2006 Vault Bronze Alyssa Brown
18%
2008 Floor Gold Darlene Hill
18%
2006 Beam Bronze Elyse Hopfner-Hibbs
18%
2006 Floor Bronze Elyse Hopfner-Hibbs
18%
2014 Uneven Bars Bronze Georgia-Rose Brown
18%
2010 Bars Gold Huang Qiushuang
18%
2008 Beam Silver Huang Qiushuang
18%
2012 Beam Bronze Tan Sixin
18%
2002 All Around Gold Tasha Schwikert
18%
2002 Vault Silver Tasha Schwikert
18%
2002 Bars Gold Tasha Schwikert
18%
2002 Beam Gold Tasha Schwikert
18%
2002 Floor Gold Tasha Schwikert
18%
2004 Bars Silver Zhang Yufei
18%
2004 Beam Silver Zhang Yufei
18%
2014 Floor Exercise Bronze Aleeza Yu
12%
2004 All Around Gold Allyse Ishino
12%
2004 Floor Silver Allyse Ishino
12%
2000 Bars Gold Bai Chunyue
12%
2000 Beam Gold Bai Chunyue
12%
2004 Bars Gold Katie Heenan
12%
2002 All Around Bronze Kristal Uzelac
12%
2002 Vault Gold Kristal Uzelac
12%
2002 Bars Bronze Kristal Uzelac
12%
2002 Beam Silver Kristal Uzelac
12%
2010 All Around Bronze Ksenia Afanasyeva
12%
2010 Bars Bronze Ksenia Afanasyeva
12%
2012 Vault Silver Wong Hiu Ying Angel
12%
2010 Vault Bronze Alexa Moreno
6%
2000 Vault Gold Denisse Lopez
6%
2010 Vault Silver Emily Little
6%
2006 All Around Bronze Hollie Dykes
6%
1998 Bars Gold Huang Mandan
6%
2010 Floor Bronze Kristina Vaculik
6%
2008 Bars Silver (T) Kristina Vaculik
6%
2014 Vault Bronze Maegan Chant
6%
2000 Floor Bronze Naoko Nakase
6%
2000 Vault Silver Trudy McIntosh
6%
2010 Beam Bronze Wu Liufang
6%
1998 All Around Silver Zeena McLaughlin
6%
1998 Beam Gold Zeena McLaughlin
6%
1998 Floor Silver Zeena McLaughlin
6%
2002 Floor Bronze Alexandra Croak
0%
2008 Vault Gold Anna Myzdrikova
0%
2008 Floor Bronze Anna Myzdrikova
0%
1998 Vault Silver Brenda Magana
0%
2014 Vault Silver Courtney McGregor
0%
2010 Vault Gold Dominique Pegg
0%
2008 Vault Bronze Ericka Garcia
0%
2004 Vault Silver Heather Purnell
0%
2008 Vault Silver Jessica Gil Ortiz
0%
2000 Beam Silver Julie Beaulieau
0%
1998 Floor Bronze Katie Rowland
0%
2004 Floor Bronze Kylie Stone
0%
2012 Bars Bronze Luo Peiru
0%
2006 Bars Bronze Maya Kuroda
0%
2004 Vault Bronze Melanie Banville
0%
1998 Beam Silver Melinda Cleland
0%
1998 Bars Bronze Rao Meizhen
0%
2012 Vault Bronze Risa Konishi
0%
1998 All Around Bronze Sierra Sapunar
0%
1998 Vault Bronze Veronique Leclerc
0%
2012 Vault Gold Wakiko Ryu
0%
2014 Balance Beam Silver Xie Yufen
0%
2006 Vault Silver Yeny Ibarra
0%
No matching quizzes found
Score Distribution
Percent of People with Each Score
Percentile by Number Answered
Your Score History
You have not taken this quiz